Lo intercultural : el problema de y con su definición /
Պահպանված է:
| Հիմնական հեղինակ: | |
|---|---|
| Ձևաչափ: | Անհայտ |
| Խորագրեր: | |
| Ցուցիչներ: |
Ավելացրեք ցուցիչ
Չկան պիտակներ, Եղեք առաջինը, ով նշում է այս գրառումը!
|
MARC
| LEADER | 000000000a22000000004500 | ||
|---|---|---|---|
| 001 | 005307 | ||
| 100 | 1 | |a Fornet-Betancourt, Raúl | |
| 245 | 1 | 0 | |a Lo intercultural : |b el problema de y con su definición / |c Raúl Fornet-Betancourt. |
| 310 | |a bimensual | ||
| 650 | 4 | |a INTERCULTURAL | |
| 773 | 0 | |d San José, Costa Rica : Departamento Ecuménico de Investigaciones |t Revista Pasos |g número 103 (2002), páginas 1-3 | |
| 942 | |c ARC | ||
| 999 | |c 11643 |d 11643 | ||
